Представление документа в формате MARC21

Поле Инд. ПП Название Значение
Тип записи a
Библиографический уровень m
001 Контрольный номер 9bb5467bc37446d7b80b270c538e7e86
005 Дата корректировки 20240707211006.5
040 a Служба первич. каталог. 10013504
b Код языка каталог. rus
e Правила каталог. PSBO
041 0_ a Код языка текста rus
080 a Индекс УДК 629.735.45:620.22-419:678(075.8)
080 a Индекс УДК 629.735.45.035.62(075.8)
090 r Идентификатор организации 10013504
100 1_ a Автор Резниченко В.И.
q Полное имя Резниченко Вячеслав Иванович
245 10 a Заглавие Применение полимерных композиционных материалов в конструкции несущих систем вертолетов
h Физич. носитель Электронный ресурс
c Ответственность МАИ (Нац. исслед. ин-т)
b Продолж. заглавия электронное учебное пособие
250 a Основные сведения об издании Текстовые и граф. дан.
260 a Место издания Москва
c Дата издания 2019
300 a Объем 534 с.
b Иллюстрации/ тип воспроизводства ил.
500 a Примечание Режим доступа: http://elibrary.mai.ru/MegaPro/Download/ToView/15370?idb=NewMAI2014
500 a Примечание Загл. с тит. экрана
504 a Библиография Библиогр.: с. 524-532
520 0_ a Аннотация В предлагаемом учебно-методическом пособии для дипломного проектирования рассмотрен и дан анализ опыту применения полимерных композиционных материалов (ПKM) в конструкции несущих систем серийных вертолетов Московского вертолетного завода им. М.Л.Миля (АО «МВЗ им. М.Л.Миля»), Ухтомского вертолетного завода им. Н.И. Камова (АО «Камов»), Казанского вертолетного завода (АО «КВЗ») и других компаний. В хронологическом порядке рассмотрены этапы внедрения ПКМ в конструкции лопастей и втулок несущих и рулевых винтов вертолетов. Рассматриваются вопросы и особенности проектирования, а также используемые технологические методы и операции, при создании агрегатов вертолетов из полимерных композиционных материалов. Учебное пособие подготовлено на кафедре 102 МАИ «Проектирование вертолетов» и предназначено для студентов по специальности «Самолето- и вертолетостроения», а также будет полезно для специалистов вертолетостроительной отрасли России и инженеров.
650 04 a Основная рубрика Композиционные полимерные материалы для вертолета
x Основная подрубрика Применение
v Типовое деление Учебники и пособия
653 0_ a Ключевые слова ВЕРТОЛЕТОСТРОЕНИЕ; ПОЛИМЕРНЫЕ КОМПОЗИЦИОННЫЕ МАТЕРИАЛЫ; АГРЕГАТЫ ВЕРТОЛЕТА; НЕСУЩИЕ СИСТЕМЫ ВЕРТОЛЕТА; АВТОР МАИ
700 12 a Другие авторы Башаров Е.А.
q Полное имя Башаров Евгений Анатольевич
856 40 u URL http://elibrary.mai.ru/MegaPro/Download/ToView/15370?idb=NewMAI2014
900 a Имя макрообъекта Резниченко В.И., Башаров Е.А. Применение ПКМ в конструкции несущих систем вертолетов
900 a Имя макрообъекта Обложка Резниченко применение ПКМ несущих вертолета
901 t Тип документа m
952 f Кафедра 102
c Вид литературы учебно-методическое издание
a Тип литературы для КСУ ВШ ЭУмР